Luzmila / (Registro nro. 9051)

Detalles MARC
000 -LEADER
fixed length control field 00588nam a22002297a 4500
001 - CONTROL NUMBER
control field 0074
003 - CONTROL NUMBER IDENTIFIER
control field DO-SdBNP
005 - DATE AND TIME OF LATEST TRANSACTION
control field 20180130101959.0
007 - PHYSICAL DESCRIPTION FIXED FIELD--GENERAL INFORMATION
fixed length control field 0074
008 - FIXED-LENGTH DATA ELEMENTS--GENERAL INFORMATION
fixed length control field 151208b sp 1998 ||||| |||| 00| 0 spa d
040 ## - CATALOGING SOURCE
Original cataloging agency BPMSU
Language of cataloging spa
Transcribing agency BPMSU
092 ## - LOCALLY ASSIGNED DEWEY CALL NUMBER (OCLC)
Classification number xxxxx
Item number xxxxx
100 1# - MAIN ENTRY--PERSONAL NAME
Personal name Álvaro Pombo,
Dates associated with a name 1939-
245 10 - TITLE STATEMENT
Title Luzmila /
Statement of responsibility, etc. Álvaro Pombo
260 ## - PUBLICATION, DISTRIBUTION, ETC. (IMPRINT)
Place of publication, distribution, etc. Madrid :
Name of publisher, distributor, etc. Difusión Directa Édera,
Date of publication, distribution, etc. 1998
300 ## - PHYSICAL DESCRIPTION
Extent 95 p.
Dimensions 21 cm.
490 1# - SERIES STATEMENT
Series statement Diez minutos
Volume/sequential designation 5
830 #0 - SERIES ADDED ENTRY--UNIFORM TITLE
Uniform title Diez minutos
Number of part/section of a work 5
942 ## - ADDED ENTRY ELEMENTS (KOHA)
Source of classification or shelving scheme Dewey Decimal Classification
Koha item type Libros
945 ## - LOCAL PROCESSING INFORMATION (OCLC)
a Inventariado, 2018 /LP
956 ## - LOCAL ELECTRONIC LOCATION AND ACCESS (OCLC)
Host name Brenda Tavárez
Access number 10
Existencias
Withdrawn status Lost status Source of classification or shelving scheme Damaged status Not for loan Collection code Home library Current library Date acquired Source of acquisition Total Checkouts Barcode Date last seen Price effective from Koha item type
    Dewey Decimal Classification     Colección General Biblioteca Pública Metropolitana Salomé Ureña Biblioteca Pública Metropolitana Salomé Ureña 12/08/2015 FUNDI   BPMSU15120086 12/08/2015 12/08/2015 Libros